000 00441nam a2200157 4500
001 120454
003 ES-MaACL
005 20230906191545.0
007 t|
008 070214s1977 sp r ||||1| spa d
100 1 _aPitarch, Ismael E.
_992405
245 1 1 _a¿Cómo funciona un Parlamento? /
_cIsmael E. Pitarch.
260 _aBarcelona :
_bPenínsula,
_c1977.
300 _a95 p. :
_bil. ;
_c22 cm.
852 _aES-MaACL
_jA-8352
_bR.97027
999 _c120454
_d120454